00861 2200205 4500001002100000005001500021035002000036007000300056008004100059020001800100082001200118084001800130100002400148245004500172250001100217260003500228300002100263520035500284990001600639INLIS00000000000012720260520112034 a0010-0526000015ta260520 b 0 ind  a9786020759272 a297.648 a297.648 BUN h0 aBunda Ary Indriyani1 aHijrah Ke Madinah /cBunda Ary Indriyani aCet. I aBandung :bCordoba Kids,cs.a. a21 hlm. :bIlus. aBuku anak Hijrah ke Madinah menceritakan perjalanan hijrah Nabi Muhammad SAW dan para sahabat dari Makkah ke Madinah untuk menyelamatkan dan mengembangkan dakwah Islam. Disajikan dengan bahasa sederhana dan mudah dipahami anak, buku ini mengajarkan nilai keberanian, pengorbanan, persaudaraan, kesabaran, serta semangat dalam mempertahankan keimanan. a00000000146